[Event "Prague Autumn op 1st"]
[Site "Prague"]
[Date "2021.09.24"]
[Round "1"]
[White "Yin, Stanley"]
[Black "Dobsinsky, Petr"]
[Result "1-0"]
[WhiteElo "1987"]
[BlackElo "1262"]
[PlyCount "21"]
[EventDate "2021.09.24"]
[EventType "swiss"]
[EventRounds "5"]
[EventCountry "CZE"]
[SourceTitle "CBM 204 Extra"]
[Source "ChessBase"]
[SourceDate "2021.11.30"]
[SourceVersion "1"]
[SourceVersionDate "2021.11.30"]
[SourceQuality "1"]

1. c4 d6 2. d4 Nf6 3. Nc3 Nbd7 4. g3 e5 5. e3 Be7 6. Bg2 Nb6 7. Nge2 Nxc4 8. Qa4+ c6 9. Qxc4 0-0 10. dxe5 Be6 11. Qb4 1-0

[Event "Pardubice Czech op-B"]
[Site "Pardubice"]
[Date "2020.09.28"]
[Round "9"]
[White "Yin, Stanley"]
[Black "Zelba, Lukas"]
[Result "1/2-1/2"]
[WhiteElo "1972"]
[BlackElo "1789"]
[PlyCount "84"]
[EventDate "2020.09.21"]
[EventType "swiss"]
[EventRounds "9"]
[EventCountry "CZE"]
[SourceTitle "CBM 198 Extra"]
[Source "ChessBase"]
[SourceDate "2020.11.30"]
[SourceVersion "1"]
[SourceVersionDate "2020.11.30"]
[SourceQuality "1"]

1. c4 e5 2. Nc3 Bb4 3. g3 Bxc3 4. dxc3 Nc6 5. Bg2 d6 6. Nf3 Be6 7. Qa4 Nge7 8. c5 0-0 9. cxd6 Qxd6 10. 0-0 Nd5 11. Ng5 Nb6 12. Qe4 f5 13. Qh4 h6 14. Nxe6 Qxe6 15. e4 Qc4 16. Be3 Qb5 17. b3 f4 18. gxf4 exf4 19. Bd4 Rae8 20. Rfd1 Ne5 21. Qh5 Nbd7 22. Bf1 Qc6 23. f3 Kh7 24. Kf2 g6 25. Qh3 g5 26. Bd3 Qg6 27. Bc2 g4 28. fxg4 Nxg4+ 29. Kg1 Nde5 30. Bxe5 Nxe5+ 31. Kh1 h5 32. Rd2 Qg4 33. Qf1 f3 34. Qf2 Rg8 35. Rg1 Qf4 36. Rdd1 Rxg1+ 37. Rxg1 Ng4 38. e5+ Kh6 39. Qg3 Qd2 40. h3 Rg8 41. hxg4 Rxg4 42. Qh3 Rxg1+ 1/2-1/2

[Event "Pardubice Czech op-B"]
[Site "Pardubice"]
[Date "2020.09.24"]
[Round "4"]
[White "Zelbova, Lada"]
[Black "Yin, Stanley"]
[Result "1/2-1/2"]
[WhiteElo "1770"]
[BlackElo "1972"]
[PlyCount "83"]
[EventDate "2020.09.21"]
[EventType "swiss"]
[EventRounds "9"]
[EventCountry "CZE"]
[SourceTitle "CBM 198 Extra"]
[Source "ChessBase"]
[SourceDate "2020.11.30"]
[SourceVersion "1"]
[SourceVersionDate "2020.11.30"]
[SourceQuality "1"]

1. d4 d5 2. Bf4 Nf6 3. e3 c5 4. c3 Nc6 5. Nd2 g6 6. Ngf3 Nh5 7. Bg5 h6 8. Bh4 Bg7 9. dxc5 0-0 10. Be2 a5 11. a4 Nf6 12. 0-0 e5 13. Nb3 Be6 14. h3 g5 15. Bg3 Nd7 16. Ne1 Qe7 17. f4 f5 18. Nd3 gxf4 19. exf4 e4 20. Ne1 Nxc5 21. Nd4 Nxd4 22. cxd4 Na6 23. Nc2 Nb4 24. Bf2 Rac8 25. Ne3 Bf6 26. Qd2 Qg7 27. Rad1 Nc6 28. Nc2 Kh7 29. Kh1 Rg8 30. Rg1 Qc7 31. Rc1 Qb6 32. Bb5 Na7 33. Na3 Be7 34. Be2 Bb4 35. Qe3 Bd7 36. Qb3 Rxc1 37. Rxc1 Qg6 38. Rg1 Bc6 39. Nb5 Nc8 40. Kh2 Nd6 41. g3 Qe6 42. Nxd6 1/2-1/2

[Event "Pardubice Czech op-B"]
[Site "Pardubice"]
[Date "2020.09.22"]
[Round "2"]
[White "Siekanska, Zuzanna"]
[Black "Yin, Stanley"]
[Result "0-1"]
[WhiteElo "1692"]
[BlackElo "1972"]
[PlyCount "98"]
[EventDate "2020.09.21"]
[EventType "swiss"]
[EventRounds "9"]
[EventCountry "CZE"]
[SourceTitle "CBM 198 Extra"]
[Source "ChessBase"]
[SourceDate "2020.11.30"]
[SourceVersion "1"]
[SourceVersionDate "2020.11.30"]
[SourceQuality "1"]

1. d4 d5 2. c4 Nc6 3. Nc3 Nf6 4. cxd5 Nxd5 5. e4 Nxc3 6. bxc3 e5 7. d5 Nb8 8. Nf3 Bc5 9. Qa4+ Nd7 10. Ba3 0-0 11. Bd3 Qe7 12. Bb2 Bb6 13. 0-0 Nc5 14. Ba3 Nxa4 15. Bxe7 Re8 16. Bb4 Bd7 17. c4 a5 18. Ba3 Bc5 19. Bxc5 Nxc5 20. Bc2 Ra6 21. Ne1 Rb6 22. Rb1 Rxb1 23. Bxb1 b5 24. Nf3 b4 25. Rc1 f6 26. Ne1 Rb8 27. f3 Kf7 28. Nd3 Nxd3 29. Bxd3 c5 30. dxc6 Bxc6 31. c5 Rd8 32. Bc4+ Ke7 33. Rc2 Rd4 34. Kf2 Kd7 35. Ke3 Ba4 36. Bb3 Bxb3 37. axb3 Kc6 38. Ra2 Kb5 39. c6 Rd6 40. c7 Rc6 41. Rd2 Rxc7 42. Rd5+ Rc5 43. g4 Rxd5 44. exd5 Kc5 45. Ke4 g6 46. h4 Kd6 47. h5 gxh5 48. gxh5 f5+ 49. Kxf5 a4 0-1

[Event "EU-Cup 34th"]
[Site "Porto Carras"]
[Date "2018.10.14"]
[Round "3.3"]
[White "Bremner, Adam"]
[Black "Yin, Stanley"]
[Result "1/2-1/2"]
[WhiteElo "2212"]
[BlackElo "1979"]
[PlyCount "83"]
[EventDate "2018.10.12"]
[EventType "team-swiss"]
[EventRounds "7"]
[EventCountry "GRE"]
[SourceTitle "CBM 187"]
[Source "ChessBase"]
[SourceDate "2018.12.11"]
[SourceVersion "1"]
[SourceVersionDate "2018.12.11"]
[SourceQuality "1"]
[WhiteTeam "Grantham Sharks"]
[BlackTeam "Dublin"]
[WhiteTeamCountry "ENG"]
[BlackTeamCountry "IRL"]

1. Nf3 Nf6 2. d4 c5 3. e3 cxd4 4. exd4 g6 5. Bd3 Bg7 6. Bg5 Qb6 7. Qc1 Nc6 8. c3 d5 9. h3 Bf5 10. Bxf5 gxf5 11. Bxf6 Bxf6 12. Nbd2 Qa6 13. Nb3 b6 14. Qc2 e6 15. Nc1 Rg8 16. g3 Rc8 17. Qd3 Qxd3 18. Nxd3 Ke7 19. Kd2 Kd6 20. Rhe1 Bg7 21. Nde5 Nxe5 22. Nxe5 Bxe5 23. Rxe5 h5 24. Rg1 Rg6 25. Ke2 b5 26. a3 a5 27. Kf3 b4 28. axb4 axb4 29. Re3 bxc3 30. bxc3 Rc4 31. Ra1 Ke7 32. Ra8 Rh6 33. Kf4 Kf6 34. f3 Rh7 35. g4 hxg4 36. fxg4 fxg4 37. hxg4 Rh1 38. Rf3 Rc7 39. Kg3+ Kg7 40. Kf4 Kf6 41. Kg3+ Kg7 42. Kf4 1/2-1/2

[Event "Krakow op-B 28th"]
[Site "Krakow"]
[Date "2018.01.02"]
[Round "7"]
[White "Yin, Stanley"]
[Black "Ilandzis, Spyridon"]
[Result "0-1"]
[WhiteElo "1993"]
[BlackElo "2061"]
[PlyCount "62"]
[EventDate "2017.12.27"]
[EventType "swiss"]
[EventRounds "9"]
[EventCountry "POL"]
[SourceTitle "CBM 182 Extra"]
[Source "ChessBase"]
[SourceDate "2018.02.23"]
[SourceVersion "1"]
[SourceVersionDate "2018.02.23"]
[SourceQuality "1"]

1. g3 e5 2. d3 d5 3. Nf3 Nc6 4. c3 Nf6 5. Bg5 Be7 6. Bg2 0-0 7. 0-0 a5 8. Ne1 Bg4 9. h3 Bh5 10. Nc2 h6 11. Bxf6 Bxf6 12. Ne3 Ne7 13. g4 Bg6 14. a4 c6 15. Nd2 Bh7 16. Qb3 Qd7 17. Bf3 Ng6 18. c4 d4 19. Ng2 Nh4 20. Nxh4 Bxh4 21. c5 Be7 22. Qc4 Kh8 23. Kg2 f5 24. Rg1 Bg5 25. Rad1 Bxd2 26. Rxd2 e4 27. dxe4 fxe4 28. Rxd4 exf3+ 29. exf3 Qe7 30. Rgd1 Bg8 31. Re4 Qf6 0-1

[Event "Reykjavik op"]
[Site "Reykjavik"]
[Date "2016.03.14"]
[Round "8"]
[White "Yin, Stanley"]
[Black "Baumgartner, Christopher"]
[Result "1-0"]
[WhiteElo "1961"]
[BlackElo "1821"]
[PlyCount "55"]
[EventDate "2016.03.08"]
[EventType "swiss"]
[EventRounds "10"]
[EventCountry "ISL"]
[SourceTitle "CBM 171 Extra"]
[Source "ChessBase"]
[SourceDate "2016.04.26"]
[SourceVersion "1"]
[SourceVersionDate "2016.04.26"]
[SourceQuality "1"]

1. c4 e5 2. Nc3 Nf6 3. g3 Bb4 4. Bg2 Bxc3 5. dxc3 0-0 6. Nf3 Nc6 7. 0-0 d6 8. Nd2 Bg4 9. h3 Be6 10. e4 a5 11. f4 a4 12. f5 Bd7 13. g4 Ne8 14. Nf3 h6 15. h4 f6 16. g5 hxg5 17. hxg5 fxg5 18. Qd5+ Kh8 19. Kf2 g6 20. Rh1+ Kg7 21. Bxg5 Ne7 22. Bh6+ Kf6 23. Qd2 Ng7 24. Bg5+ Kf7 25. f6 Ne6 26. fxe7 Nxg5 27. exd8Q Raxd8 28. Qxg5 1-0

[Event "Reykjavik op"]
[Site "Reykjavik"]
[Date "2016.03.13"]
[Round "7"]
[White "Viglundsson, Bjorgvin"]
[Black "Yin, Stanley"]
[Result "1-0"]
[WhiteElo "2164"]
[BlackElo "1961"]
[PlyCount "47"]
[EventDate "2016.03.08"]
[EventType "swiss"]
[EventRounds "10"]
[EventCountry "ISL"]
[SourceTitle "CBM 171 Extra"]
[Source "ChessBase"]
[SourceDate "2016.04.26"]
[SourceVersion "1"]
[SourceVersionDate "2016.04.26"]
[SourceQuality "1"]

1. d4 Nf6 2. c4 c5 3. d5 d6 4. Nc3 g6 5. e4 Bg7 6. Nf3 Bg4 7. Be2 Nbd7 8. 0-0 h6 9. Ne1 Bxe2 10. Qxe2 0-0 11. Nd3 Ne5 12. Nxe5 dxe5 13. f4 exf4 14. Bxf4 Nh5 15. e5 Qb8 16. Rae1 f6 17. Qg4 Nxf4 18. Rxf4 g5 19. Qe6+ Kh8 20. Rff1 Qe8 21. Ne4 Qa4 22. d6 fxe5 23. Rxf8+ Bxf8 24. dxe7 1-0

[Event "Barcelona Sants op 16th"]
[Site "Barcelona"]
[Date "2014.08.22"]
[Round "1"]
[White "Yin, Stanley"]
[Black "Alsina Leal, Daniel"]
[Result "0-1"]
[WhiteElo "2026"]
[BlackElo "2550"]
[PlyCount "70"]
[EventDate "2014.08.22"]
[EventType "swiss"]
[EventRounds "10"]
[EventCountry "ESP"]
[SourceTitle "CBM 162 Extra"]
[Source "ChessBase"]
[SourceDate "2014.10.17"]
[SourceVersion "1"]
[SourceVersionDate "2014.10.17"]
[SourceQuality "1"]

1. g3 e5 2. d3 d5 3. c3 f5 4. Nf3 e4 5. Ne5 Bd6 6. f4 exf3 7. Nxf3 Nf6 8. Na3 c6 9. Nc2 0-0 10. Be3 Ng4 11. Bg1 f4 12. h3 Ne5 13. g4 Nbd7 14. Ncd4 Nxf3+ 15. Nxf3 Bc5 16. Qb3 Bxg1 17. Rxg1 Qe7 18. Qb4 c5 19. Qb3 Nb6 20. 0-0-0 Bd7 21. Qc2 Ba4 22. b3 Bc6 23. Bg2 a5 24. d4 a4 25. dxc5 axb3 26. axb3 Qxc5 27. Rd4 Qe7 28. Rgd1 Ra3 29. Kd2 Re8 30. Ke1 Rxb3 31. Ng5 g6 32. Rxf4 Rxc3 33. Qd2 Re3 34. Ne4 Rxe4 35. Bxe4 dxe4 0-1

[Event "Oberliga Sued W 1314"]
[Site "Germany"]
[Date "2013.10.13"]
[Round "1.6"]
[White "Yin, Stanley"]
[Black "Bauer, Bjoern Benny"]
[Result "0-1"]
[WhiteElo "2007"]
[BlackElo "2005"]
[PlyCount "106"]
[EventDate "2013.10.13"]
[EventType "team-tourn"]
[EventRounds "9"]
[EventCountry "GER"]
[SourceTitle "EXT 2015"]
[Source "ChessBase"]
[SourceDate "2014.11.20"]
[SourceVersion "1"]
[SourceVersionDate "2014.11.20"]
[SourceQuality "1"]
[WhiteTeam "Schwarzenbach II"]
[BlackTeam "Gau Algesheim"]
[WhiteTeamCountry "GER"]
[BlackTeamCountry "GER"]

1. g3 c5 2. Nf3 Nc6 3. c3 d5 4. d3 e5 5. Bg2 Nf6 6. Na3 Be7 7. 0-0 0-0 8. Bg5 Be6 9. Nd2 Qd7 10. Nc2 Rad8 11. d4 Bh3 12. dxc5 Bxg2 13. Kxg2 d4 14. Bxf6 Bxf6 15. cxd4 exd4 16. Ne4 Qd5 17. f3 Be7 18. b4 Ne5 19. Qd2 f5 20. Nf2 Nc4 21. Qd3 Bf6 22. Rab1 Rfe8 23. Rfd1 Qe6 24. Qb3 b5 25. cxb6 Nxb6 26. e4 Kh8 27. Qxe6 Rxe6 28. Rd3 Rc6 29. Na3 g6 30. Rbd1 Na4 31. R1d2 Nc3 32. exf5 gxf5 33. Nd1 Nd5 34. Nc2 Rxc2 35. Rxc2 Nxb4 36. Rcd2 Nxd3 37. Rxd3 Kg8 38. f4 Kf7 39. Kf3 a5 40. Rb3 Rd5 41. Ke2 Rc5 42. Kd2 Be7 43. Nf2 a4 44. Rb7 Ke6 45. Nd3 Rc3 46. Rb6+ Bd6 47. Nb2 Kd5 48. Ra6 Rf3 49. Nd3 Kc4 50. Rxd6 Rxd3+ 51. Ke2 Ra3 52. Re6 Kd5 53. Re5+ Kc4 0-1

[Event "GER-ch U25 op-A"]
[Site "Oberhof"]
[Date "2013.05.22"]
[Round "6"]
[White "Mehling, Franziska"]
[Black "Yin, Stanley"]
[Result "1-0"]
[WhiteElo "1690"]
[BlackElo "2018"]
[PlyCount "41"]
[EventDate "2013.05.19"]
[EventType "swiss"]
[EventRounds "9"]
[EventCountry "GER"]
[SourceTitle "CBM 154 Extra"]
[Source "ChessBase"]
[SourceDate "2013.06.25"]
[SourceVersion "2"]
[SourceVersionDate "2013.06.25"]
[SourceQuality "1"]

1. d4 Na6 2. c4 c6 3. Nc3 d6 4. e4 Nf6 5. f3 g6 6. Be3 Bg7 7. Nge2 Nc7 8. Qd2 b5 9. Nc1 bxc4 10. Bxc4 d5 11. Be2 dxe4 12. fxe4 0-0 13. 0-0 Bb7 14. Nb3 Rb8 15. Nc5 Nb5 16. Rad1 Nd7 17. Nxb7 Rxb7 18. Bc4 Nb6 19. Bb3 Nxd4 20. Bxd4 Rd7 21. Bxb6 1-0

[Event "GER-ch U25 op-A"]
[Site "Oberhof"]
[Date "2013.05.19"]
[Round "2"]
[White "Wendler, Simon"]
[Black "Yin, Stanley"]
[Result "0-1"]
[WhiteElo "1413"]
[BlackElo "2018"]
[PlyCount "76"]
[EventDate "2013.05.19"]
[EventType "swiss"]
[EventRounds "9"]
[EventCountry "GER"]
[SourceTitle "CBM 154 Extra"]
[Source "ChessBase"]
[SourceDate "2013.06.25"]
[SourceVersion "2"]
[SourceVersionDate "2013.06.25"]
[SourceQuality "1"]

1. e4 c6 2. d4 Na6 3. c4 d6 4. Nf3 Nf6 5. Bd3 g6 6. Be3 Bg7 7. Qc1 Nb4 8. Qd2 Nxd3+ 9. Qxd3 Qb6 10. b3 Qa5+ 11. Nc3 Nxe4 12. 0-0 Nxc3 13. Bd2 Bg4 14. Bxc3 Qh5 15. Rfe1 Bxf3 16. Qe3 0-0 17. gxf3 Bh6 18. Qxe7 Bf4 19. h4 Qxf3 20. Qe4 Qg4+ 21. Qg2 Qxh4 22. Bb4 Rfe8 23. Rxe8+ Rxe8 24. Re1 Rxe1+ 25. Bxe1 Qh5 26. f3 Qg5 27. Qxg5 Bxg5 28. Kg2 d5 29. cxd5 cxd5 30. Kg3 Be3 31. Bc3 f5 32. Kh3 g5 33. Kg3 h5 34. Kh3 g4+ 35. fxg4 hxg4+ 36. Kg3 Kg7 37. Kh4 Bf2+ 38. Kg5 g3 0-1

[Event "Hampstead op U2200 03"]
[Site "Hampstead"]
[Date "2013.03.17"]
[Round "5"]
[White "Yin, Stanley"]
[Black "Hayward, Alan"]
[Result "0-1"]
[WhiteElo "2032"]
[BlackElo "1934"]
[PlyCount "88"]
[EventDate "2013.03.16"]
[EventType "swiss"]
[EventRounds "5"]
[EventCountry "ENG"]
[SourceTitle "EXT 2014"]
[Source "ChessBase"]
[SourceDate "2013.11.20"]
[SourceVersion "1"]
[SourceVersionDate "2013.11.20"]
[SourceQuality "1"]

1. g3 d5 2. c3 Nc6 3. Na3 e5 4. Nc2 f6 5. d3 Be6 6. Bg2 Qd7 7. Nf3 Bh3 8. Bxh3 Qxh3 9. Ne3 Qd7 10. Qa4 Nh6 11. Bd2 Be7 12. c4 d4 13. Nd5 Nf7 14. b4 0-0 15. b5 Ncd8 16. Nxe7+ Qxe7 17. Bb4 Nd6 18. c5 Nc8 19. Nd2 Re8 20. 0-0 Qe6 21. e4 dxe3 22. fxe3 Nf7 23. Nc4 Ne7 24. e4 Red8 25. Rad1 Ng5 26. Ne3 Rd4 27. Qa3 c6 28. b6 a6 29. Nc4 Nxe4 30. Na5 Ng5 31. Nxb7 Nh3+ 32. Kg2 Nf5 33. Bd2 Nh4+ 34. gxh4 Rg4+ 35. Kf3 Qd5+ 36. Kxg4 Qg2+ 37. Kf5 Qg6+ 38. Ke6 f5+ 39. Kd7 Qf7+ 40. Kxc6 Rc8+ 41. Kd6 Qxb7 42. Kxe5 Qd7 43. Qb3+ Kh8 44. Qe6 Rxc5+ 0-1

[Event "GER-ch Net qual3 U25"]
[Site "Playchess.com INT"]
[Date "2012.09.08"]
[Round "1"]
[White "Yin, Stanley"]
[Black "Krause, Benedict"]
[Result "1-0"]
[WhiteElo "2010"]
[BlackElo "2074"]
[PlyCount "79"]
[EventDate "2012.09.08"]
[EventType "swiss (blitz)"]
[EventRounds "7"]
[EventCountry "GER"]
[SourceTitle "CBM 150 Extra"]
[Source "ChessBase"]
[SourceDate "2012.10.19"]
[SourceVersion "1"]
[SourceVersionDate "2012.10.19"]
[SourceQuality "1"]

1. g3 Nf6 2. Bg2 d5 3. d3 e6 4. c3 Be7 5. Na3 0-0 6. Nc2 c5 7. Nf3 Nc6 8. Bg5 h6 9. Bxf6 Bxf6 10. 0-0 b6 11. Nd2 Bb7 12. e4 Qd7 13. f4 Rad8 14. e5 Be7 15. Qh5 d4 16. c4 Nb4 17. Nxb4 Bxg2 18. Kxg2 cxb4 19. g4 b5 20. f5 Qc6+ 21. Rf3 Kh7 22. Ne4 g6 23. Qh3 bxc4 24. f6 Bxf6 25. exf6 Rh8 26. Rc1 c3 27. bxc3 dxc3 28. a3 a5 29. Qg3 Qa4 30. Qc7 Rhf8 31. axb4 axb4 32. h4 Qb5 33. Qe7 Kg8 34. h5 gxh5 35. gxh5 Qxh5 36. Rg3+ Kh7 37. Rh1 Qe2+ 38. Nf2 h5 39. Qc5 Rd5 40. Qxf8 1-0

[Event "Dresden ZMD op-B 21st"]
[Site "Dresden"]
[Date "2012.08.18"]
[Round "1"]
[White "Yin, Stanley"]
[Black "Gerling, Lothar"]
[Result "1-0"]
[WhiteElo "1972"]
[BlackElo "1630"]
[PlyCount "59"]
[EventDate "2012.08.18"]
[EventType "swiss"]
[EventRounds "9"]
[EventCountry "GER"]
[SourceTitle "CBM 150 Extra"]
[Source "ChessBase"]
[SourceDate "2012.10.19"]
[SourceVersion "1"]
[SourceVersionDate "2012.10.19"]
[SourceQuality "1"]

1. g3 Nf6 2. d3 d5 3. c3 h6 4. Nf3 Nbd7 5. Na3 e5 6. Nc2 Bd6 7. Bg2 0-0 8. 0-0 Re8 9. Nh4 Nb6 10. b4 c6 11. Bd2 Be6 12. a4 a5 13. b5 cxb5 14. axb5 Qd7 15. Qb1 Bh3 16. Rc1 Bxg2 17. Kxg2 g5 18. Nf3 e4 19. Nfd4 exd3 20. exd3 Ng4 21. h3 Ne5 22. Ne3 g4 23. hxg4 Nxg4 24. Nxg4 Qxg4 25. Rh1 h5 26. Rh4 Qg6 27. Qh1 Qxd3 28. Rxh5 Qe4+ 29. Nf3 f5 30. Rh8+ 1-0

[Event "Pfalz op 03rd"]
[Site "Neustadt an der Weinstrasse"]
[Date "2012.03.03"]
[Round "8"]
[White "Brem, Stephan"]
[Black "Yin, Stanley"]
[Result "1/2-1/2"]
[WhiteElo "2116"]
[BlackElo "2013"]
[PlyCount "106"]
[EventDate "2012.02.17"]
[EventType "swiss"]
[EventRounds "9"]
[EventCountry "GER"]
[SourceTitle "EXT 2013"]
[Source "ChessBase"]
[SourceDate "2012.11.22"]
[SourceVersion "1"]
[SourceVersionDate "2012.11.22"]
[SourceQuality "1"]

1. f4 c6 2. Nf3 Na6 3. e4 Nc7 4. Be2 d6 5. 0-0 g6 6. d4 Bg7 7. c3 Nf6 8. e5 Nfd5 9. c4 Nb6 10. Be3 Bg4 11. Nbd2 0-0 12. h3 dxe5 13. fxe5 Bxf3 14. Nxf3 Nd7 15. Qd2 c5 16. Rad1 Qe8 17. d5 Nxe5 18. Nxe5 Bxe5 19. Bxc5 b6 20. Bd4 Bxd4+ 21. Qxd4 Qa4 22. Qe5 Na6 23. Rf3 Nc5 24. a3 Qc2 25. b4 Ne4 26. Re1 Qd2 27. Kf1 Qc2 28. Kg1 Qd2 29. Qa1 Rac8 30. Bd3 Nd6 31. Re2 Qg5 32. Rc2 Rc7 33. Qd4 Rfc8 34. c5 Nb7 35. Ba6 Rd8 36. Bxb7 Rxb7 37. c6 Rc7 38. Rd3 Rd6 39. h4 Qh5 40. Qe4 Qh6 41. b5 f5 42. Qe1 Qf4 43. g3 Qa4 44. Rb2 Qc4 45. Qd2 e6 46. Rb4 Qc5+ 47. Kh2 Rxd5 48. Rxd5 exd5 49. a4 a6 50. Qf4 Qc2+ 51. Kh3 Qd1 52. Rb2 Qh1+ 53. Rh2 Qf1+ 1/2-1/2